| 000 | 00318nam a2200121Ia 4500 | ||
|---|---|---|---|
| 008 | 230907s9999||||xx |||||||||||||| ||und|| | ||
| 082 |
_a658.478 _bGUS |
||
| 100 |
_aGustin, Joseph F., _936364 |
||
| 245 | 0 | _aCyber terrorism : | |
| 260 |
_aFairmont Press, _bLilburn, Ga. : _c2004 |
||
| 300 | _axii, 247 p. ; | ||
| 942 | _cBK | ||
| 999 |
_c599545 _d599545 |
||